Getting to know the World Bank a guide for young people.

Bibliographic Details
Corporate Author: ProQuest (Firm)
Format: Electronic eBook
Language:English
Published: Washington, DC : World Bank, 2005.
Subjects:
Online Access:Click to View
LEADER 01177nam a22003254a 4500
001 EBC459796
003 MiAaPQ
005 20200520144314.0
006 m o d |
007 cr cn|||||||||
008 050307s2005 dcua jsb i001 0 eng
010 |z  2005045770 
020 |z 0821359142 
035 |a (MiAaPQ)EBC459796 
035 |a (Au-PeEL)EBL459796 
035 |a (CaPaEBR)ebr10085117 
035 |a (CaONFJC)MIL18383 
035 |a (OCoLC)61171735 
040 |a MiAaPQ  |c MiAaPQ  |d MiAaPQ 
050 4 |a HG3881.5.W57  |b G48 2005 
082 0 4 |a 332.1/532  |2 22 
245 0 0 |a Getting to know the World Bank  |h [electronic resource] :  |b a guide for young people. 
260 |a Washington, DC :  |b World Bank,  |c 2005. 
300 |a ix, 98 p. :  |b col. ill. 
504 |a Includes bibliographical references and index. 
533 |a Electronic reproduction. Ann Arbor, MI : ProQuest, 2015. Available via World Wide Web. Access may be limited to ProQuest affiliated libraries. 
610 2 0 |a World Bank  |v Juvenile literature. 
655 4 |a Electronic books. 
710 2 |a ProQuest (Firm) 
856 4 0 |u https://ebookcentral.proquest.com/lib/matrademy/detail.action?docID=459796  |z Click to View